[Event "Wch Blitz"]
[Site "Moscow"]
[Date "2019.12.30"]
[Round "20"]
[White "Batchuluun, Tsegmed"]
[Black "Galkin, Alexander"]
[Result "1/2-1/2"]
[WhiteElo "2530"]
[BlackElo "2611"]
[PlyCount "45"]
[EventDate "2019.12.29"]
[EventType "swiss (blitz)"]
[EventRounds "21"]
[EventCountry "RUS"]
[SourceTitle "CBM 193 Extra"]
[Source "ChessBase"]
[SourceDate "2020.01.31"]
[SourceVersion "1"]
[SourceVersionDate "2020.01.31"]
[SourceQuality "1"]

1. d4 d5 2. c4 e6 3. Nf3 c6 4. Nbd2 f5 5. g3 Nf6 6. Bg2 Bd6 7. Ne5 0-0 8. 0-0 Qe7 9. Ndf3 b6 10. Qc2 Bb7 11. b3 Nbd7 12. Bb2 Rac8 13. Rac1 Ne4 14. Nxd7 Qxd7 15. Ne5 Qe7 16. f3 Nf6 17. cxd5 cxd5 18. Qd3 Nd7 19. Nxd7 Qxd7 20. e3 Rxc1 21. Rxc1 Rc8 22. Rxc8+ Qxc8 23. Qc3 1/2-1/2

[Event "Wch Blitz"]
[Site "Moscow"]
[Date "2019.12.30"]
[Round "17"]
[White "Galkin, Alexander"]
[Black "Afanasiev, Nikita"]
[Result "1-0"]
[WhiteElo "2611"]
[BlackElo "2517"]
[PlyCount "96"]
[EventDate "2019.12.29"]
[EventType "swiss (blitz)"]
[EventRounds "21"]
[EventCountry "RUS"]
[SourceTitle "CBM 193 Extra"]
[Source "ChessBase"]
[SourceDate "2020.01.31"]
[SourceVersion "1"]
[SourceVersionDate "2020.01.31"]
[SourceQuality "1"]

1. Nf3 Nf6 2. d4 g6 3. Bf4 Bg7 4. e3 0-0 5. Be2 d6 6. c4 Nc6 7. Nc3 Nd7 8. 0-0 e5 9. Bg3 f5 10. Bh4 Bf6 11. Bxf6 Qxf6 12. Nd5 Qd8 13. dxe5 dxe5 14. b4 a5 15. a3 Ne7 16. c5 e4 17. Nxe7+ Qxe7 18. Bc4+ Kg7 19. Qd4+ Qf6 20. Qxf6+ Kxf6 21. Nd4 Ne5 22. Be2 axb4 23. axb4 Bd7 24. f3 exf3 25. gxf3 Nc6 26. Nxc6 bxc6 27. Ra5 Rab8 28. Rb1 Rfd8 29. Ra7 Be6 30. Rxc7 Rd2 31. Bf1 Bd5 32. b5 cxb5 33. Rd7 b4 34. c6 Ke6 35. Bc4 Bxc4 36. Rxd2 b3 37. Rd4 Bd5 38. c7 Rc8 39. e4 fxe4 40. fxe4 Bb7 41. Rxb3 Rxc7 42. Rb5 Rf7 43. e5 Ba8 44. Rd6+ Ke7 45. Ra6 Be4 46. Ra7+ Kf8 47. Rxf7+ Kxf7 48. Rb6 g5 1-0

[Event "Wch Blitz"]
[Site "Moscow"]
[Date "2019.12.29"]
[Round "2"]
[White "Dubov, Daniil"]
[Black "Galkin, Alexander"]
[Result "1/2-1/2"]
[WhiteElo "2690"]
[BlackElo "2611"]
[PlyCount "68"]
[EventDate "2019.12.29"]
[EventType "swiss (blitz)"]
[EventRounds "21"]
[EventCountry "RUS"]
[SourceTitle "CBM 193 Extra"]
[Source "ChessBase"]
[SourceDate "2020.01.31"]
[SourceVersion "1"]
[SourceVersionDate "2020.01.31"]
[SourceQuality "1"]

1. c4 e6 2. Nc3 d5 3. d4 c6 4. g3 Nf6 5. Bg2 Be7 6. Nf3 0-0 7. 0-0 Nbd7 8. Bf4 Nh5 9. Bc1 Nhf6 10. b3 b6 11. Bb2 Bb7 12. e3 Rc8 13. Qe2 Qc7 14. Rfd1 Rfe8 15. Rac1 Qb8 16. Ne5 h6 17. f4 Red8 18. g4 Nxe5 19. fxe5 Nh7 20. Rf1 Rf8 21. Qc2 Ba6 22. Rf2 dxc4 23. bxc4 Bxc4 24. Ne2 b5 25. Nf4 Bh4 26. Rd2 Bg5 27. Ba3 c5 28. Bxc5 Rxc5 29. dxc5 Qxe5 30. Qc3 Qxc5 31. Kh1 Nf6 32. h3 a6 33. a4 Qc7 34. axb5 axb5 1/2-1/2

[Event "Wch Blitz"]
[Site "Moscow"]
[Date "2019.12.29"]
[Round "11"]
[White "Galkin, Alexander"]
[Black "Usov, Aleksandr E"]
[Result "1-0"]
[WhiteElo "2611"]
[BlackElo "2012"]
[PlyCount "41"]
[EventDate "2019.12.29"]
[EventType "swiss (blitz)"]
[EventRounds "21"]
[EventCountry "RUS"]
[SourceTitle "CBM 193 Extra"]
[Source "ChessBase"]
[SourceDate "2020.01.31"]
[SourceVersion "1"]
[SourceVersionDate "2020.01.31"]
[SourceQuality "1"]

1. Nf3 d5 2. e3 Nf6 3. c4 c6 4. Nc3 Nbd7 5. b3 e6 6. Bb2 Be7 7. d4 0-0 8. Bd3 a5 9. 0-0 Nb6 10. Qe2 Qc7 11. Rac1 Nbd7 12. e4 dxe4 13. Nxe4 Nxe4 14. Bxe4 Nf6 15. Bb1 b6 16. d5 exd5 17. cxd5 Ba6 18. Qc2 g6 19. Rfd1 Rfd8 20. Be5 Qa7 21. d6 1-0

[Event "Wch Blitz"]
[Site "Moscow"]
[Date "2019.12.29"]
[Round "9"]
[White "Melkumyan, Hrant"]
[Black "Galkin, Alexander"]
[Result "1-0"]
[WhiteElo "2668"]
[BlackElo "2611"]
[PlyCount "79"]
[EventDate "2019.12.29"]
[EventType "swiss (blitz)"]
[EventRounds "21"]
[EventCountry "RUS"]
[SourceTitle "CBM 193 Extra"]
[Source "ChessBase"]
[SourceDate "2020.01.31"]
[SourceVersion "1"]
[SourceVersionDate "2020.01.31"]
[SourceQuality "1"]

1. d4 d5 2. c4 e6 3. Nf3 c6 4. Nbd2 f5 5. g3 Nf6 6. Bg2 Bd6 7. 0-0 Nbd7 8. b3 0-0 9. Bb2 b6 10. Rc1 Bb7 11. Ne5 Qe7 12. Ndf3 Rac8 13. e3 Rfd8 14. Qe2 Ne4 15. Rfd1 Nxe5 16. Nxe5 Bxe5 17. dxe5 c5 18. cxd5 Rxd5 19. f3 Ng5 20. h4 Nf7 21. Rxd5 Bxd5 22. e4 fxe4 23. fxe4 Bb7 24. Bh3 Rd8 25. Bc3 Nh6 26. Bd2 Nf7 27. Bf4 Rd4 28. Qg4 Rxe4 29. Qxe6 Qxe6 30. Bxe6 Kf8 31. Bf5 Re2 32. Bg4 Rxa2 33. e6 Nh6 34. Bxh6 gxh6 35. Rf1+ Ke8 36. Bh5+ Kd8 37. Rf8+ Kc7 38. Rf7+ Kb8 39. Rxb7+ Kxb7 40. e7 1-0

[Event "Chess24 Banter Blitz Cup"]
[Site "chess24.com INT"]
[Date "2019.10.08"]
[Round "1.3"]
[White "Oleksienko, Mikhailo"]
[Black "Galkin, Alexander"]
[Result "0-1"]
[WhiteElo "2594"]
[BlackElo "2611"]
[PlyCount "62"]
[EventDate "2019.09.25"]
[EventType "k.o. (blitz)"]
[EventRounds "7"]
[EventCountry "USA"]
[SourceTitle "CBM 195 Extra"]
[Source "ChessBase"]
[SourceDate "2020.05.31"]
[SourceVersion "1"]
[SourceVersionDate "2020.05.31"]
[SourceQuality "1"]

1. d4 d5 2. c4 e6 3. Nf3 Nf6 4. e3 c5 5. Nc3 cxd4 6. exd4 Be7 7. cxd5 Nxd5 8. Bd3 Nc6 9. 0-0 0-0 10. Re1 Nf6 11. a3 b6 12. Bc2 Ba6 13. Bg5 Nd5 14. h4 h6 15. Bc1 Bf6 16. Ne4 Rc8 17. Bb3 Bxh4 18. Nxh4 Qxh4 19. g3 Qh3 20. Be3 Rfd8 21. Qf3 Bd3 22. Nc3 Nxc3 23. bxc3 Bf5 24. Rac1 Na5 25. Ba2 Nc4 26. a4 Qg4 27. Qxg4 Bxg4 28. Bf4 Bf3 29. Rb1 Bd5 30. Rbc1 Na5 31. g4 Bxa2 0-1

[Event "Chess24 Banter Blitz Cup"]
[Site "chess24.com INT"]
[Date "2019.10.08"]
[Round "1.7"]
[White "Oleksienko, Mikhailo"]
[Black "Galkin, Alexander"]
[Result "1-0"]
[WhiteElo "2594"]
[BlackElo "2611"]
[PlyCount "95"]
[EventDate "2019.09.25"]
[EventType "k.o. (blitz)"]
[EventRounds "7"]
[EventCountry "USA"]
[SourceTitle "CBM 195 Extra"]
[Source "ChessBase"]
[SourceDate "2020.05.31"]
[SourceVersion "1"]
[SourceVersionDate "2020.05.31"]
[SourceQuality "1"]

1. e4 c5 2. Nf3 Nc6 3. d4 cxd4 4. Nxd4 g6 5. c4 Nf6 6. Nc3 d6 7. Nc2 Bg7 8. Be2 0-0 9. 0-0 Be6 10. f3 Qa5 11. Ne3 Rfc8 12. Kh1 a6 13. Bd2 Qd8 14. Rc1 Nd4 15. b3 b5 16. Bd3 bxc4 17. Bxc4 Bxc4 18. Nxc4 Ne6 19. Be3 Rab8 20. Qd2 Nd7 21. Nd5 Ne5 22. Nxe5 Bxe5 23. f4 Bg7 24. f5 Nc5 25. Bxc5 dxc5 26. Qf2 Bd4 27. Qf3 Qf8 28. h3 Be5 29. Qe3 Bd4 30. Qf4 f6 31. Qg4 g5 32. Nf4 Qf7 33. Ne6 h6 34. Rfd1 h5 35. Qe2 a5 36. Rc4 h4 37. Qg4 Kh7 38. Rdc1 Re8 39. Nxc5 Bxc5 40. Rxc5 Ra8 41. Rc7 Kh6 42. R1c6 a4 43. e5 axb3 44. axb3 Ra1+ 45. Kh2 Qd5 46. Rxf6+ exf6 47. Qh5+ Kxh5 48. Rh7# 1-0

[Event "TUR-chT2"]
[Site "Konya"]
[Date "2014.06.27"]
[Round "7.4"]
[White "Grigorov, Grigor"]
[Black "Galkin, Alexander"]
[Result "1/2-1/2"]
[WhiteElo "2494"]
[BlackElo "2615"]
[PlyCount "34"]
[EventDate "2014.06.23"]
[EventType "team-swiss"]
[EventRounds "9"]
[EventCountry "TUR"]
[SourceTitle "CBM 161 Extra"]
[Source "ChessBase"]
[SourceDate "2014.08.29"]
[SourceVersion "1"]
[SourceVersionDate "2014.08.29"]
[SourceQuality "1"]
[WhiteTeam "Karaman Saglik"]
[BlackTeam "Pausa"]
[WhiteTeamCountry "TUR"]
[BlackTeamCountry "TUR"]

1. d4 d5 2. Nf3 e6 3. c4 Nf6 4. Bg5 h6 5. Bxf6 Qxf6 6. Nc3 c6 7. e3 g6 8. Bd3 Bg7 9. 0-0 0-0 10. Rc1 Rd8 11. Qe2 Qe7 12. Rfd1 Nd7 13. a3 dxc4 14. Bxc4 Nb6 15. Ba2 Bd7 16. Ne4 Be8 17. Qc2 Nd7 1/2-1/2

[Event "TUR-chT2"]
[Site "Konya"]
[Date "2014.06.25"]
[Round "4.1"]
[White "Galkin, Alexander"]
[Black "Volkov, Sergey"]
[Result "1/2-1/2"]
[WhiteElo "2615"]
[BlackElo "2579"]
[PlyCount "34"]
[EventDate "2014.06.23"]
[EventType "team-swiss"]
[EventRounds "9"]
[EventCountry "TUR"]
[SourceTitle "CBM 161 Extra"]
[Source "ChessBase"]
[SourceDate "2014.08.29"]
[SourceVersion "1"]
[SourceVersionDate "2014.08.29"]
[SourceQuality "1"]
[WhiteTeam "Pausa"]
[BlackTeam "Kocaeli"]
[WhiteTeamCountry "TUR"]
[BlackTeamCountry "TUR"]

1. c4 c6 2. g3 d5 3. Bg2 Nf6 4. Qa4 Nbd7 5. cxd5 cxd5 6. Nc3 e6 7. Nf3 Be7 8. d4 0-0 9. Bf4 Nh5 10. Bd2 Nb6 11. Qb3 Nc4 12. 0-0 Nf6 13. Bf4 Nh5 14. Bc1 Nf6 15. Bf4 Nh5 16. Bc1 Nf6 17. Bf4 Nh5 1/2-1/2

[Event "RUS Cup rapid final"]
[Site "Khanty-Mansiysk"]
[Date "2013.12.20"]
[Round "1.1"]
[White "Galkin, Alexander"]
[Black "Savchenko, Boris"]
[Result "1-0"]
[WhiteElo "2615"]
[BlackElo "2602"]
[PlyCount "95"]
[EventDate "2013.12.20"]
[EventType "k.o. (rapid)"]
[EventRounds "4"]
[EventCountry "RUS"]
[SourceTitle "CBM 158 Extra"]
[Source "ChessBase"]
[SourceDate "2014.02.28"]
[SourceVersion "1"]
[SourceVersionDate "2014.02.28"]
[SourceQuality "1"]

1. Nf3 Nf6 2. c4 e6 3. Nc3 d5 4. d4 Be7 5. Bg5 h6 6. Bh4 Nbd7 7. e3 0-0 8. Rc1 b6 9. cxd5 exd5 10. Qa4 Bb7 11. Ba6 Qc8 12. Bxb7 Qxb7 13. Ne5 Rfe8 14. Qc6 Qxc6 15. Nxc6 Bd6 16. Bg3 Bxg3 17. hxg3 Nf8 18. 0-0 a6 19. Rc2 Re6 20. Ne2 Rd6 21. Rfc1 Ne6 22. Nf4 Nxf4 23. gxf4 Kf8 24. f3 h5 25. Kf2 a5 26. f5 g6 27. fxg6 fxg6 28. Ne5 Ne8 29. Rc6 Kg7 30. Rxd6 cxd6 31. Nd7 Kf7 32. Nxb6 Rb8 33. Rc6 Ke6 34. b3 g5 35. e4 dxe4 36. fxe4 h4 37. Kf3 Nf6 38. e5 g4+ 39. Ke2 Ne8 40. exd6 Nf6 41. d7+ Ke7 42. Rxf6 Rh8 43. Rf1 h3 44. gxh3 gxh3 45. Rh1 Rh6 46. Nc4 a4 47. Ne5 a3 48. d8Q+ 1-0

[Event "SRB-chT Central"]
[Site "Kragujevac"]
[Date "2013.09.19"]
[Round "8.5"]
[White "Galkin, Alexander"]
[Black "Parligras, Mircea Emilian"]
[Result "1/2-1/2"]
[WhiteElo "2626"]
[BlackElo "2560"]
[PlyCount "46"]
[EventDate "2013.09.14"]
[EventType "team-tourn"]
[EventRounds "11"]
[EventCountry "SRB"]
[SourceTitle "CBM 156 Extra"]
[Source "ChessBase"]
[SourceDate "2013.10.22"]
[SourceVersion "1"]
[SourceVersionDate "2013.10.22"]
[SourceQuality "1"]
[WhiteTeam "Vladimirci"]
[BlackTeam "Pozega"]
[WhiteTeamCountry "SRB"]
[BlackTeamCountry "SRB"]

1. Nf3 d5 2. d4 Nf6 3. c4 e6 4. Bg5 h6 5. Bxf6 Qxf6 6. e3 dxc4 7. Bxc4 c5 8. 0-0 cxd4 9. exd4 Bd6 10. Nc3 0-0 11. Re1 Nd7 12. Qe2 Nb6 13. Bb3 Bd7 14. Ne5 Bxe5 15. Qxe5 Bc6 16. d5 Qxe5 17. Rxe5 exd5 18. Nxd5 Nxd5 19. Bxd5 Bxd5 20. Rxd5 Rfd8 21. Rad1 Rxd5 22. Rxd5 Rc8 23. g3 Rc2 1/2-1/2

[Event "SRB-chT Central"]
[Site "Kragujevac"]
[Date "2013.09.16"]
[Round "4.6"]
[White "Petkov, Vladimir"]
[Black "Galkin, Alexander"]
[Result "1/2-1/2"]
[WhiteElo "2564"]
[BlackElo "2626"]
[PlyCount "38"]
[EventDate "2013.09.14"]
[EventType "team-tourn"]
[EventRounds "11"]
[EventCountry "SRB"]
[SourceTitle "CBM 156 Extra"]
[Source "ChessBase"]
[SourceDate "2013.10.22"]
[SourceVersion "1"]
[SourceVersionDate "2013.10.22"]
[SourceQuality "1"]
[WhiteTeam "Pirot Progres"]
[BlackTeam "Vladimirci"]
[WhiteTeamCountry "SRB"]
[BlackTeamCountry "SRB"]

1. d4 d5 2. c4 e6 3. Nf3 Nf6 4. g3 dxc4 5. Bg2 c5 6. Na3 cxd4 7. Nxc4 Bc5 8. 0-0 0-0 9. a3 a5 10. Bf4 Nd5 11. Bxb8 Rxb8 12. Nxd4 Nb6 13. Nxb6 Qxb6 14. Nb3 Be7 15. Rc1 a4 16. Nd2 Qxb2 17. Nc4 Qb3 18. Qxb3 axb3 19. Rb1 Bd7 1/2-1/2

[Event "RUS GP rap final"]
[Site "Kirov"]
[Date "2012.12.23"]
[Round "1"]
[White "Artemiev, Vladislav"]
[Black "Galkin, Alexander"]
[Result "1-0"]
[WhiteElo "2474"]
[BlackElo "2626"]
[PlyCount "149"]
[EventDate "2012.12.23"]
[EventType "k.o."]
[EventRounds "4"]
[EventCountry "RUS"]
[SourceTitle "EXT 2014"]
[Source "ChessBase"]
[SourceDate "2013.11.20"]
[SourceVersion "1"]
[SourceVersionDate "2013.11.20"]
[SourceQuality "1"]

1. b3 d5 2. Bb2 Nf6 3. e3 e6 4. f4 g6 5. Nf3 Bg7 6. Be2 c5 7. 0-0 0-0 8. Ne5 Nfd7 9. d4 Nc6 10. Nd2 cxd4 11. exd4 Qb6 12. Nxc6 bxc6 13. Nf3 c5 14. Kh1 Ba6 15. dxc5 Bxe2 16. Qxe2 Qxc5 17. Ne5 Nxe5 18. fxe5 Rac8 19. Rf2 d4 20. Re1 Rfd8 21. Qf3 Rc7 22. Rfe2 Rd5 23. Qf4 h5 24. h3 Qa5 25. a4 Rxc2 26. Bxd4 Rxe2 27. Rxe2 Qb4 28. Re4 Qxb3 29. Bxa7 Qa3 30. Bf2 Qa1+ 31. Re1 Rd1 32. Rxd1 Qxd1+ 33. Kh2 Qa1 34. Bg3 Qc3 35. h4 Qa1 36. Qe4 Kh7 37. Bf4 Qa2 38. Qb7 Qxa4 39. Qxf7 Qe4 40. Bg3 Qf5 41. Qe7 Qg4 42. Qf7 Qf5 43. Qd7 Kg8 44. Qc8+ Kh7 45. Qc7 Kg8 46. Kg1 Kh7 47. Qc3 Qg4 48. Kf2 Qf5+ 49. Ke3 Qg4 50. Kd2 Bh6+ 51. Kc2 Qe4+ 52. Kb3 Qxg2 53. Qd3 Qb7+ 54. Ka4 Bg7 55. Ka5 Qc6 56. Qd4 Bf8 57. Qd8 Bc5 58. Bf4 Qb7 59. Bg5 Qf7 60. Bf6 Bf8 61. Kb6 Bg7 62. Kc6 Bf8 63. Qd7 Kg8 64. Qd8 Kh7 65. Qc8 Kg8 66. Bg5 Kh7 67. Qd8 Bg7 68. Kd6 Bf8+ 69. Be7 Bg7 70. Qd7 Qf4 71. Bf6 Qd4+ 72. Kxe6 Qxd7+ 73. Kxd7 Bf8 74. e6 g5 75. Bxg5 1-0

[Event "TUR-chT"]
[Site "Konya"]
[Date "2012.07.18"]
[Round "9"]
[White "Galkin, Alexander"]
[Black "Gurevich, Mikhail"]
[Result "1/2-1/2"]
[WhiteElo "2615"]
[BlackElo "2596"]
[PlyCount "46"]
[EventDate "2012.07.11"]
[EventType "team-tourn"]
[EventRounds "13"]
[EventCountry "TUR"]
[SourceTitle "CBM 149 Extra"]
[Source "ChessBase"]
[SourceDate "2012.08.24"]
[SourceVersion "1"]
[SourceVersionDate "2012.08.24"]
[SourceQuality "1"]
[WhiteTeam "Denizli Pamukkale Uni"]
[BlackTeam "Istanbul Pera"]
[WhiteTeamCountry "TUR"]
[BlackTeamCountry "TUR"]

1. Nf3 d5 2. g3 c6 3. Bg2 Bg4 4. b3 Nd7 5. Bb2 e6 6. 0-0 Ngf6 7. c4 Be7 8. d4 Bf5 9. Nc3 Ne4 10. e3 0-0 11. Qe2 Nxc3 12. Bxc3 a5 13. Nd2 Nf6 14. a3 Qb6 15. Rfc1 Rfc8 16. c5 Qd8 17. b4 axb4 18. axb4 Rxa1 19. Rxa1 Ra8 20. Qf1 Ne4 21. Nxe4 Bxe4 22. f3 Rxa1 23. Qxa1 Bd3 1/2-1/2

[Event "TUR-chT"]
[Site "Konya"]
[Date "2012.07.18"]
[Round "8"]
[White "Savchenko, Boris"]
[Black "Galkin, Alexander"]
[Result "0-1"]
[WhiteElo "2550"]
[BlackElo "2615"]
[PlyCount "112"]
[EventDate "2012.07.11"]
[EventType "team-tourn"]
[EventRounds "13"]
[EventCountry "TUR"]
[SourceTitle "CBM 149 Extra"]
[Source "ChessBase"]
[SourceDate "2012.08.24"]
[SourceVersion "1"]
[SourceVersionDate "2012.08.24"]
[SourceQuality "1"]
[WhiteTeam "Manisa TS Alyans"]
[BlackTeam "Denizli Pamukkale Uni"]
[WhiteTeamCountry "TUR"]
[BlackTeamCountry "TUR"]

1. e4 c6 2. d4 d5 3. e5 Bf5 4. Nf3 e6 5. Be2 Nd7 6. 0-0 Bg6 7. c3 Nh6 8. Bxh6 gxh6 9. Nbd2 Be7 10. Nb3 0-0 11. Nc1 c5 12. Qd2 cxd4 13. cxd4 Qb6 14. Nd3 Kg7 15. Rac1 Rfc8 16. Nf4 Qb4 17. Rc3 Qa5 18. Nxg6 hxg6 19. Rb3 Qxd2 20. Nxd2 Rc2 21. Rxb7 Rxd2 22. Rxd7 Rxe2 23. Rxe7 Rxb2 24. g3 Rc8 25. Rxa7 g5 26. h3 h5 27. a3 Rc4 28. Rd1 g4 29. hxg4 hxg4 30. Kg2 Rcc2 31. Rf1 Rd2 32. Ra4 Ra2 33. Kg1 Rd3 34. Kg2 Rf3 35. Ra8 Rd2 36. a4 Rxd4 37. a5 Ra4 38. a6 Rf5 39. a7 Rxe5 40. Rh1 Ra2 41. Rh4 Rg5 42. Kg1 Kf6 43. Rh6+ Ke5 44. Rh7 Rf5 45. Rh2 Ra1+ 46. Kg2 Ra2 47. Kg1 Rf3 48. Rg8 Rxa7 49. Rxg4 Ra2 50. Rg8 d4 51. Rd8 d3 52. Kf1 Kf6 53. Ke1 e5 54. g4 e4 55. Rd4 e3 56. g5+ Kg7 0-1

[Event "TUR-chT"]
[Site "Konya"]
[Date "2012.07.16"]
[Round "7"]
[White "Galkin, Alexander"]
[Black "Yilmaz, Mustafa"]
[Result "1-0"]
[WhiteElo "2615"]
[BlackElo "2543"]
[PlyCount "59"]
[EventDate "2012.07.11"]
[EventType "team-tourn"]
[EventRounds "13"]
[EventCountry "TUR"]
[SourceTitle "CBM 149 Extra"]
[Source "ChessBase"]
[SourceDate "2012.08.24"]
[SourceVersion "1"]
[SourceVersionDate "2012.08.24"]
[SourceQuality "1"]
[WhiteTeam "Denizli Pamukkale Uni"]
[BlackTeam "Istanbul Teknik Uni"]
[WhiteTeamCountry "TUR"]
[BlackTeamCountry "TUR"]

1. g3 d5 2. Nf3 Bg4 3. Bg2 Nd7 4. c4 e6 5. cxd5 exd5 6. d4 Bd6 7. Qb3 Nb6 8. Nc3 c6 9. 0-0 Nf6 10. a4 Rb8 11. Ne5 Be6 12. f4 Qc8 13. a5 Na8 14. f5 Bxf5 15. e4 Bxe5 16. dxe5 Nxe4 17. Bxe4 dxe4 18. Be3 c5 19. Rxf5 Qxf5 20. Bxc5 Qe6 21. Qb4 Nc7 22. Bd6 Na6 23. Qxe4 f5 24. Qf3 Kf7 25. Ne2 Rhe8 26. Nd4 Qc4 27. Nxf5 Kg8 28. Rf1 Qe6 29. Bxb8 Rxb8 30. Qg4 1-0

[Event "RUS-ch 64th"]
[Site "Moscow"]
[Date "2011.08.15"]
[Round "7"]
[White "Galkin, Alexander"]
[Black "Kramnik, Vladimir"]
[Result "0-1"]
[WhiteElo "2598"]
[BlackElo "2781"]
[PlyCount "70"]
[EventDate "2011.08.08"]
[EventType "tourn"]
[EventRounds "7"]
[EventCountry "RUS"]
[EventCategory "19"]
[SourceTitle "CBM 144"]
[Source "ChessBase"]
[SourceDate "2011.09.16"]
[SourceVersion "1"]
[SourceVersionDate "2011.09.16"]
[SourceQuality "1"]

1. e4 d6 2. d4 Nf6 3. f3 c5 4. Ne2 e6 5. Be3 d5 6. dxc5 Nbd7 7. Nbc3 dxe4 8. b4 b6 9. c6 Bxb4 10. cxd7+ Bxd7 11. a3 Ba5 12. Qd4 Qe7 13. fxe4 e5 14. Qd3 0-0 15. Bg5 Rac8 16. Bxf6 Qxf6 17. 0-0-0 Be6 18. Nd5 Bxd5 19. exd5 e4 20. Qd4 Qd6 21. h4 Qxa3+ 22. Qb2 Qc5 23. Rh3 e3 24. Rg3 Bd2+ 25. Kb1 g6 26. h5 Rfe8 27. hxg6 hxg6 28. Rh3 Re5 29. Nc1 Bc3 30. Qb3 Re4 31. Na2 Qa5 32. Ba6 Rb4 33. Bxc8 Rxb3+ 34. cxb3 e2 35. Nxc3 Qxc3 0-1

[Event "RUS-ch 64th"]
[Site "Moscow"]
[Date "2011.08.13"]
[Round "5"]
[White "Galkin, Alexander"]
[Black "Karjakin, Sergey"]
[Result "1/2-1/2"]
[WhiteElo "2598"]
[BlackElo "2788"]
[PlyCount "82"]
[EventDate "2011.08.08"]
[EventType "tourn"]
[EventRounds "7"]
[EventCountry "RUS"]
[EventCategory "19"]
[SourceTitle "CBM 144"]
[Source "ChessBase"]
[SourceDate "2011.09.16"]
[SourceVersion "1"]
[SourceVersionDate "2011.09.16"]
[SourceQuality "1"]

1. e4 e5 2. Nf3 Nc6 3. Nc3 Nf6 4. d4 exd4 5. Nxd4 Bb4 6. Nxc6 bxc6 7. Bd3 d5 8. exd5 cxd5 9. 0-0 0-0 10. Bg5 c6 11. Qf3 Be7 12. h3 h6 13. Bf4 Nd7 14. Na4 Nb6 15. Nxb6 axb6 16. a3 Ba6 17. Bxa6 Rxa6 18. Rfe1 Re8 19. Qg3 Kh8 20. Qe3 Ra8 21. Bxh6 Bf6 22. Qxe8+ Qxe8 23. Rxe8+ Rxe8 24. Be3 Bxb2 25. Rb1 Bxa3 26. Rxb6 Re6 27. Rb7 Kg8 28. Rc7 Bb2 29. Rc8+ Kh7 30. g4 d4 31. Bf4 Ba3 32. Rc7 Kg8 33. Rc8+ Kh7 34. Rc7 Be7 35. Kg2 c5 36. h4 Re4 37. Kg3 f6 38. Rd7 Kg8 39. Kf3 Re6 40. h5 Kf8 41. c3 dxc3 1/2-1/2

[Event "RUS-ch 64th"]
[Site "Moscow"]
[Date "2011.08.11"]
[Round "4"]
[White "Svidler, Peter"]
[Black "Galkin, Alexander"]
[Result "1-0"]
[WhiteElo "2739"]
[BlackElo "2598"]
[PlyCount "85"]
[EventDate "2011.08.08"]
[EventType "tourn"]
[EventRounds "7"]
[EventCountry "RUS"]
[EventCategory "19"]
[SourceTitle "CBM 144"]
[Source "ChessBase"]
[SourceDate "2011.09.16"]
[SourceVersion "1"]
[SourceVersionDate "2011.09.16"]
[SourceQuality "1"]

1. e4 c6 2. d4 d5 3. e5 Bf5 4. h4 h5 5. c4 e6 6. Nc3 Be7 7. Nge2 Nh6 8. Ng3 g6 9. Bf4 Kf8 10. Qd2 Kg7 11. Bg5 a6 12. Be2 Nd7 13. 0-0 dxc4 14. Bxc4 Bxg5 15. hxg5 Ng8 16. Nge4 Bxe4 17. Nxe4 Ne7 18. Rad1 Nf5 19. Nf6 Qe7 20. Qa5 Rhd8 21. Rfe1 Nf8 22. Qb6 Rac8 23. Bb3 Nh7 24. f4 Qc7 25. Qc5 Nxf6 26. gxf6+ Kh7 27. Kh2 Nh6 28. Rd2 Rd7 29. Bd1 Qd8 30. Bf3 Qf8 31. Qc3 Rcd8 32. Red1 Kg8 33. Kg1 Kh7 34. b4 Kg8 35. a3 Kh7 36. Rd3 Kg8 37. Bxh5 Nf5 38. Bg4 Qh6 39. Bxf5 exf5 40. Rf1 Qh4 41. Rh3 Qg4 42. e6 fxe6 43. Qe1 1-0

[Event "RUS-ch 64th"]
[Site "Moscow"]
[Date "2011.08.10"]
[Round "3"]
[White "Galkin, Alexander"]
[Black "Morozevich, Alexander"]
[Result "1/2-1/2"]
[WhiteElo "2598"]
[BlackElo "2694"]
[PlyCount "64"]
[EventDate "2011.08.08"]
[EventType "tourn"]
[EventRounds "7"]
[EventCountry "RUS"]
[EventCategory "19"]
[SourceTitle "CBM 144"]
[Source "ChessBase"]
[SourceDate "2011.09.16"]
[SourceVersion "1"]
[SourceVersionDate "2011.09.16"]
[SourceQuality "1"]

1. Nf3 d5 2. d4 Nf6 3. Bf4 Bg4 4. e3 e6 5. h3 Bxf3 6. Qxf3 Bd6 7. Nd2 Bxf4 8. Qxf4 0-0 9. Be2 Nbd7 10. 0-0 c5 11. dxc5 Nxc5 12. Qb4 Qc7 13. c4 Rfd8 14. Nf3 Rac8 15. Rac1 a5 16. Qa3 Nce4 17. b3 Qb6 18. Qb2 dxc4 19. Bxc4 h6 20. Rc2 Nd6 21. Rfc1 Nxc4 22. Rxc4 Rxc4 23. Rxc4 Nd5 24. Qd4 Qxd4 25. Nxd4 Kf8 26. Kf1 Ke8 27. Ke2 Nb6 28. Rc7 Rd7 29. Rc5 Rd5 30. Rc7 Rd7 31. Rc5 Rd5 32. Rc7 Rd7 1/2-1/2

[Event "TUR-chT"]
[Site "Konya"]
[Date "2011.07.02"]
[Round "5"]
[White "Galkin, Alexander"]
[Black "Savchenko, Boris"]
[Result "0-1"]
[WhiteElo "2598"]
[BlackElo "2630"]
[PlyCount "96"]
[EventDate "2011.06.28"]
[EventType "team-swiss"]
[EventRounds "13"]
[EventCountry "TUR"]
[SourceTitle "CBM 143 Extra"]
[Source "ChessBase"]
[SourceDate "2011.08.29"]
[SourceVersion "1"]
[SourceVersionDate "2011.08.29"]
[SourceQuality "1"]
[WhiteTeam "Celikkol Turizm Pamukkale"]
[BlackTeam "Manisa Doruk Koleji"]
[WhiteTeamCountry "TUR"]
[BlackTeamCountry "TUR"]

1. Nf3 d5 2. d4 c5 3. dxc5 e6 4. e3 Bxc5 5. c4 Nf6 6. a3 0-0 7. b4 Be7 8. Bb2 a5 9. b5 b6 10. Nbd2 Bb7 11. Be2 Nbd7 12. 0-0 Rc8 13. Rc1 Nc5 14. Rc2 Nfe4 15. Nd4 Bf6 16. cxd5 Bxd5 17. Bf3 Bxd4 18. Bxd4 Nxd2 19. Rxd2 Nb3 20. Rb2 Rc1 21. Qd3 Bxf3 22. Rxb3 Qg5 23. g3 Rxf1+ 24. Qxf1 Rd8 25. Rc3 h5 26. Rc1 Rd6 27. Rc8+ Kh7 28. Qd3+ Qg6 29. Qxg6+ Kxg6 30. Rc1 f6 31. Kf1 e5 32. Bc3 Kf5 33. Ke1 g5 34. Bd2 Kg4 35. h4 gxh4 36. Rc4+ e4 37. gxh4 f5 38. Rc6 Rd3 39. Rxb6 Rxa3 40. Rc6 Rb3 41. b6 a4 42. Bc3 a3 43. Bd4 a2 44. Rc1 Rb1 45. Kd2 Kxh4 46. Kc2 Be2 47. Kd2 Rxc1 48. Kxc1 Ba6 0-1